| 000 | 005900000a22002770004500 | ||
|---|---|---|---|
| 650 | _aHistory | ||
| 650 | _aModern history | ||
| 650 | _aHinduism | ||
| 650 | _aMonarchy | ||
| 651 | _aNepal | ||
| 650 | _aKot massacre | ||
| 650 | _aShah | ||
| 650 | _aPrime Ministers | ||
| 650 | _aRanas | ||
| 082 |
_a954.26 _bR129m _cN |
||
| 518 | _a940126 | ||
| 530 | _aM | ||
| 100 | _aRahul, Ram | ||
| 245 | _aModern Nepal | ||
| 260 |
_aNew Delhi _bMunshiram Manoharlal, India |
||
| 260 | _c1985 | ||
| 041 | _aEng | ||
| 300 |
_a108p. _bmap, photo |
||
| 365 | _aRs.108.75 | ||
| 942 | _cGEN | ||
| 999 |
_c4078 _d4078 |
||